000 01086nam a2200313 4500
003 EG-GICUC
005 20260121101348.0
008 251126s1967 gw ||||fr|||| 001 0 ger d
040 _aEG-GiCUC
_bger
_cEG-GiCUC
_dEG-GiCUC
_erda
041 _ager
082 0 4 _221
_a341.1
_bS O . D
092 0 4 _221
099 _aLaw1 11 341.1 S O . D 1967
110 _kSociété suisse de droit international.
245 1 0 _aSchweizerisches Jahrbuch für internationales Recht=
_bAnnuaire suisse de droit international.
_nband 24 /
_cSociété suisse de droit international.
246 1 _aAnnuaire suisse de droit international.
264 _aZürich :
_bPolygraphischer Verlag,
_c1967
300 _a340 pages :
_c24 cm.
336 _2rda content
_atext
337 _2rda media
_aComputer
338 _2rda carrier
_aOnline Resource
504 _aBibliografische Hinweise
546 _a Text in German
650 1 _aInternational law
_zSchweizerisches
651 1 _2qrmak
856 4 0 _uhttps://fll.law.cu.edu.eg/fulltext/bks/B11-06157.pdf
905 _a75
_eYara
942 _2ddc
_n0
_cBK
_e21
999 _c46267
_d46267